000
00273nam a22001217a 4500
999
_c
152816
_d
152816
082
_a
_b
100
_a
Dalia Ray
245
_a
Indian historical researches (v.55)/
_c
by Dalia Ray.
260
_a
New Delhi:
_b
Cosmo,
_c
1990.
300
_a
166p.
650
_a
942
_c
BK